Lyna Vallejos, una familia anormal : (Record no. 623)

MARC details
000 -CABECERA
campo de control de longitud fija 01496nam a22002774c 4500
003 - IDENTIFICADOR DE NUMERO DE CONTROL
campo de control AR-BaSMT
008 - CAMPOS DE LONGITUD FIJA
campo de control de longitud fija 260427b2026 aga|||br ||| 00| 1 spa d
020 ## - ISBN: Indicadores indefinidos
Número ISBN 9789877363722
040 ## - FUENTE DE CATALOGACION
Agencia de catalogación original BSGB
Idioma de catalogación español
Agencia que realiza la transcripción BSGB
Convenciones de la descripción rda
041 0# - CODIGO DE IDIOMA
Código idioma spa
Idioma original español
080 ## - CDU
CDU completo 82-31
100 1# - PUNTO DE ACCESO PRINCIPAL
Nombre de persona Vallejos, Lyna
Enlace autoridades 249
245 10 - MENCION DE TITULO
Título Lyna Vallejos, una familia anormal :
Subtítulo y unas vacaciones muy extrañas.
250 ## - MENCION DE EDICION
Mención de edición Novena edición
264 ## - PRODUCCIÓN, PUBLICACIÓN, DISTRIBUCIÓN, ETC.
Lugar de publicación, etc. Buenos aires :
Nombre editor. Altea ,
Fecha 2026
300 ## - DESCRIPCION FISICA
Extensión 112 páginas ;
Otros detalles físicos ilustraciones color
336 ## - TIPO DE CONTENIDO
rdacontent rdacontent
texto texto
txt txt
337 ## - TIPO DE MEDIO
rdamedia rdamedia
sin mediación sin mediación
n n
338 ## - TIPO DE SOPORTE
rdacarrier rdacarrier
volumen volumen
nc nc
520 1# - NOTA DE SUMARIO, RESUMEN, ETC.
Toda la nota La familia anormal tiene nuevos integrantes y después de sus locas aventuras decidieron tomarse unas tranquilas vacaciones para disfrutar el tiempo juntos.<br/><br/>Pero por supuesto nada salió como esperaban y una vez más deberán enfrentarse a situaciones increíbles, intensos desafíos y sus vidas correrán peligro a cada instante.<br/><br/>¿Podrán salvarse esta vez? ¿Lograrán disfrutar por fin de sus vacaciones? ¿Quiénes son los nuevos integrantes de la familia? No pierdas más tiempo, descubrilo en esta nueva historia.
URL, URI, etc. https://www.penguinlibros.com/ar/a-partir-de-7-anos/314883-libro-una-familia-anormal-y-unas-vacaciones-muy-extranas-9789877363722<br/>27/04/2026
521 ## - NOTA DE PÚBLICO DESTINATARIO
Nota de audiencia A partir de 8 años
650 #7 - PUNTO DE ACCESO ADICIONAL DE MATERIA – TÉRMINO TEMÁTICO
Enlace autoridades 8
Término de materia o nombre geográfico como elemento de entrada LITERATURA INFANTIL
650 #7 - PUNTO DE ACCESO ADICIONAL DE MATERIA – TÉRMINO TEMÁTICO
Enlace autoridades 34
Término de materia o nombre geográfico como elemento de entrada NOVELA DE AVENTURAS
Subdivisión geográfica Argentina
942 ## - ELEMENTOS AGREGADOS (KOHA)
CDU Clasificación Decimal Dewey
Tipo de ítem Libros
Holdings
Disponible Perdido Fuente de clasificación Estado Ubicación permanente Locación actual Estante o sala Fuente de adquisición Número de inventario Total préstamos Signatura topográfica Código de barras Numero de ejemplar Tipo de item de Koha Calificador de localización códificado
    Clasificación Decimal Dewey   Biblioteca Susana G. De Batemarco Biblioteca Susana G. De Batemarco Verde Compra Feria del Libro 2026 000872   82-31 VAL 000872 1 Libros  

Powered by Koha